000 00840nam a2200241 a 4500
001 BRCA_5605
005 20190320205141.0
008 210211s1930----sp-a######---#001-0#spa-#
041 _aspa
044 _asp
050 4 _aNK9762
_b.O73 1930
100 1 _aOrduña Viguera, Emilio
_914287
245 1 0 _aArte español
_bla talla ornamental en madera, estudio histórico descriptivo
_cEmilio Orduña Viguera ; ilustrado con dibujos y fotografías del autor.
260 _aMadrid
_bIbero-Americana
_cc1930
300 _aliv, 360 p.
_bil., 157 láminas
_c27 cm.
500 _aIncluye índice de materias, índice de láminas e índice onomástico
500 _aF83
650 1 4 _aTallado en madera español
_914288
650 1 4 _aTallado en madera
_xHistoria
_914289
740 0 _aTalla ornamental en madera
902 _aGFM
942 _2lcc
_cB
999 _c5299
_d5299